TRADITIONAL FOOD FROM JAVA ISLAND - Statistics

General Stats
  • This quiz has been taken 7 times
  • The average score is 6 of 16
Answer Stats
Picture Answer % Correct
klepon
100%
gudeg
57%
tahu bacem
57%
tempe bacem
57%
jenang
43%
mangut lele
43%
ayam bacem
29%
cenil
29%
lupis
29%
tiwul
29%
geplak
14%
jadah tempe
14%
kopi joss
14%
lemet
14%
wedang secang
14%
yangko
14%
No matching quizzes found
Score Distribution
Percent of People with Each Score
Percentile by Number Answered
Your Score History
You have not taken this quiz